Dvadsiaty [Tridsiaty] tretí ročník Košickej hudobnej jari Symfonické koncerty

Bibliographic Details
Main Author: Bukovinská, Júlia, 1956- (Author)
Format: Article
Language:Slovak
PhysicalDescription:Obr. 1.
Subjects:

MARC

LEADER 00000nab a2200000 a 4500
001 vtls000337467
003 SK-MaSNL
005 20260303174010.0
008 230120c1988 xo 0 slo
015 |a SNBRB19rr/mm-uuuuu 
035 |a CL0337589 
035 |a urn:nbn:sk:snk-ab258v 
035 |a (urnnbn)urn:nbn:sk:snk:ar-a031cd 
035 |a (uuid)afd41a1d-c451-4ca3-8fe6-bca46b912c88 
040 |a SNKBUCL  |b slo  |c SNKBUCL  |e AACR2 
041 0 |a slo 
044 |a xo  |c SK 
080 |a 78.091.4:782/785  |2 1981 
080 |a 782/785  |2 1981 
080 |a 785.11  |2 1981 
100 1 |a Bukovinská, Júlia,  |d 1956-  |4 aut  |9 169562 
245 1 0 |a Dvadsiaty [Tridsiaty] tretí ročník Košickej hudobnej jari  |b Symfonické koncerty  |c Júlia Bukovinská 
300 |b Obr. 1. 
611 2 7 |a Košická hudobná jar  |n (33. :  |d 1988 :  |c Košice, Slovensko)  |2 snkbucl  |9 97054 
650 0 7 |a symfonická hudba  |2 snkbucl  |9 68261 
651 7 |a Košice (Slovensko)  |2 snkbucl  |9 18694 
655 7 |a články z novín a časopisov  |2 snkbucl  |9 267496 
773 0 |t Hudobný život  |g Roč. 20, č. 15 (1988), s. 8 
850 |a Slovenská národná knižnica v Martine  |a MTA001 
852 |a SNK  |b KIS3GCP 
954 |a odborná, vedecká literatúra pôvodná (slovenská)  |2 lita 
958 |a OND 
958 |a EUIPO 
958 |a article27 
992 |a RBX 
999 |c 2094626  |d 2096556